000 00942nam0a22002651 4500
001 rc\988914
005 20250622070314.0
035 _a(NLR Aleph) 006156280
090 _a5815216
_c5815216
100 _a20041129d1981 |||y0rusy50 ca
101 0 _arus
102 _aRU
105 _aa |||||||||
200 1 _aКнига для чтения по русскому языку
_eДля 6-го кл. каз. школы
_fСоставители В.А. Грошкова, Ф.Ф. Джумабаева
205 _a21-е изд.
210 _aАлма-Ата
_cМектеп
_d1981
215 _a160 с., 2 л. ил.
_cил.
_d20
300 _aНа обл. сост. не указаны
700 1 _aГрошкова
_bВ.А.
_gВера Алексеевна
701 1 _aДжумабаева
_bФ.Ф.
_gФанор Фазыловна
801 0 _aRU
_bNLR
_gpsbo
801 1 _aRU
_bELAR
_2rusmarc
852 _aNLR
_j81-5/3637
942 _cBOOK
980 _aNB